| Tag |
First Indicator |
Second Indicator |
Subfields |
| LEADER |
00000cam a2200000 4500 |
| 001 |
in00000061117 |
| 005 |
20151008051626.0 |
| 008 |
751001s1962 mnu b 00000 eng |
| 010 |
|
|
|a 62052825
|
| 035 |
|
|
|a (OCoLC)01667363
|
| 035 |
|
|
|9 AAG9041AM
|
| 040 |
|
|
|a DLC
|c IAU
|d TXA
|d UtOrBLW
|
| 049 |
|
|
|a TXAM
|c [368398]
|
| 050 |
0 |
0 |
|a HV6452.M6
|b Y6 l962
|
| 082 |
0 |
|
|a 364./15
|
| 092 |
|
|
|a 364.15
|b H951r, 1962
|
| 100 |
1 |
|
|a Huntington, George,
|d 1835-1916.
|
| 245 |
1 |
0 |
|a Robber and hero :
|b the story of the raid on the First National Bank of Northfield, Minnesota, by the James-Younger band of robbers, in l876.
|
| 264 |
|
1 |
|a Minneapolis :
|b Ross & Haines,
|c l962.
|
| 300 |
|
|
|a 119, xxiv pages :
|b illustrations ;
|c 23 cm.
|
| 336 |
|
|
|a text
|b txt
|2 rdacontent
|
| 337 |
|
|
|a unmediated
|b n
|2 rdamedia
|
| 338 |
|
|
|a volume
|b nc
|2 rdacarrier
|
| 504 |
|
|
|a Includes bibliography.
|
| 650 |
|
0 |
|a Bank robberies
|z Minnesota
|z Northfield.
|
| 999 |
|
|
|a MARS
|
| 999 |
f |
f |
|s d9f9554c-bc88-3280-82c8-6d35a5346080
|i 9e5839ea-8a17-301d-96da-f631077396d1
|t 0
|
| 952 |
f |
f |
|p ric
|a Texas A&M University
|b Rellis Campus
|c Joint Library Facility
|d Remote Storage
|t 0
|e HV6452.M6 Y6 l962
|h Library of Congress classification
|i unmediated -- volume
|m A14800812569
|
| 998 |
f |
f |
|a HV6452.M6 Y6 l962
|t 0
|l Remote Storage
|